000 00477nam a22001937a 4500
003 UA-OsUOA
001 129650
007 ta
008 20180315b un ||||| |||| 00| 0 ukr d
100 _aЧужиков В.
090 _bЧ-86
942 _cEB
040 _aUA-OsUOA
_bukr
_cUA-OsUOA
_dUA-OsUOA
245 _aЕкономіка зарубіжних країн
955 _a2
041 _aukr
856 4 0 _uhttps://javalibre.com.ua/java-book/book/2908512
650 7 _2UDC
999 _c417518
_d417518